Tâm lí học trẻ em lứa tuổi mầm non
Uloženo v:
| Hlavní autor: | |
|---|---|
| Médium: | Kniha |
| Tagy: |
Přidat tag
Žádné tagy, Buďte první, kdo otaguje tento záznam!
|
| Thư viện lưu trữ: | Mạng thư viện Đại học Đà Nẵng |
|---|
| LEADER | 00592nam a2200205 4500 | ||
|---|---|---|---|
| 001 | 000016402 | ||
| 003 | 12804 | ||
| 005 | 20150812150835.0 | ||
| 008 | 121022s sd | ||
| 100 | 0 | |a Đinh Thị Tứ | |
| 245 | 0 | 0 | |a Tâm lí học trẻ em lứa tuổi mầm non |c Đinh Thị Tứ |
| 774 | |a Đinh Thị Tứ |d Nxb Giáo dục |d H. |d 2007 |g Tập 1 |h 188 tr. |w 12805 | ||
| OWN | |a LSP | ||
| 999 | |a From the UDN01 | ||
| TYP | |a Monograph | ||
| TYP | |a Printed language | ||
| 980 | |a Mạng thư viện Đại học Đà Nẵng | ||